[Event "10th Leiden Open A 2016"]
[Site "Leiden NED"]
[Date "2016.07.17"]
[Round "3.11"]
[White "De Niet,GM"]
[Black "Rosen,E"]
[Result "0-1"]
[BlackTitle "IM"]
[WhiteElo "2165"]
[BlackElo "2393"]
[WhiteFideId "1006100"]
[BlackFideId "2032562"]
[EventDate "2016.07.15"]

1. d4 Nf6 2. c4 e6 3. Nf3 d5 4. Nc3 Be7 5. Bg5 O-O 6. e3 a6 7. Qc2 Nbd7 8. cxd5
exd5 9. Bd3 Re8 10. O-O c6 11. Rab1 Nf8 12. h3 Ng6 13. Bxf6 Bxf6 14. b4 Qd6 15.
a4 Bd8 16. b5 cxb5 17. axb5 a5 18. Qb3 Be6 19. b6 Ne7 20. Na4 Nc6 21. Nc5 Nb4
22. Nxb7 Qxb6 23. Nc5 Be7 24. Nxe6 Qxe6 25. Bb5 Reb8 26. Qa4 h5 27. Rfc1 Bd6 28.
Bd7 Qf6 29. h4 g6 30. Rb3 Qe7 31. g3 Ra7 32. Bh3 Qe8 33. Ra1 Qe4 34. Bg2 Qe7 35.
Ne1 Kg7 36. Bf3 Rc8 37. Qb5 Rb8 38. Qa4 Rc8 39. Qb5 Rac7 40. Kg2 g5 41. hxg5
Qxg5 42. Be2 Qg6 43. Nf3 Rc2 44. Nh4 Qe4+ 45. Bf3 Qe6 46. Qxa5 Rxf2+ 47. Kxf2
Rc2+ 48. Kg1 Bxg3 49. Rxb4 Qxe3+ 50. Kh1 Rh2# 0-1

[Event "10th Leiden Open A 2016"]
[Site "Leiden NED"]
[Date "2016.07.17"]
[Round "3.12"]
[White "Piket,Jo"]
[Black "Schmidt Schaeffer,S"]
[Result "0-1"]
[WhiteElo "2116"]
[BlackElo "2384"]
[WhiteFideId "1001256"]
[BlackFideId "4610148"]
[EventDate "2016.07.15"]

1. d4 f5 2. Nf3 Nf6 3. g3 e6 4. Bg2 Be7 5. c4 d5 6. Nc3 O-O 7. Ne5 c6 8. O-O
Nbd7 9. Nxd7 Bxd7 10. Qb3 b5 11. cxb5 cxb5 12. a3 Qb6 13. Rd1 h6 14. e3 a5 15.
Bd2 b4 16. axb4 axb4 17. Rxa8 Rxa8 18. Nxd5 Nxd5 19. Bxd5 Ra5 20. Bf3 Ba4 21.
Qd3 Bxd1 22. Bxd1 Ra1 23. Be1 Qc6 24. Kf1 Qc1 25. Ke2 Qxb2+ 26. Kf3 Qb1 0-1

[Event "10th Leiden Open A 2016"]
[Site "Leiden NED"]
[Date "2016.07.17"]
[Round "3.13"]
[White "Wiersma,E"]
[Black "Ratsma,Midas"]
[Result "1-0"]
[WhiteTitle "IM"]
[WhiteElo "2354"]
[BlackElo "2171"]
[WhiteFideId "1002864"]
[BlackFideId "1032283"]
[EventDate "2016.07.15"]

1. d4 Nf6 2. c4 c5 3. d5 b5 4. cxb5 a6 5. bxa6 g6 6. Nc3 Bg7 7. a7 Rxa7 8. e4
O-O 9. Nf3 e6 10. dxe6 fxe6 11. Bd3 d5 12. O-O Qb6 13. exd5 Nxd5 14. Nb5 Rd7 15.
Qe2 Nc6 16. a4 Kh8 17. Ra3 e5 18. Ng5 Na5 19. Be4 Bf6 20. Nxh7 Rxh7 21. Bxd5 Bf5
22. Be3 Rd8 23. Qf3 Rh4 24. Qd1 Nc4 25. Rc3 Be6 26. g3 Rxd5 27. Qf3 Kg7 28. gxh4
Nxb2 29. Bh6+ Kf7 30. Bg5 Qd8 31. Nc7 Rd4 32. Nxe6 Kxe6 33. Bxf6 Qxf6 34. Qxf6+
Kxf6 35. a5 Ra4 36. Rxc5 Nc4 37. Re1 Nd2 38. Kg2 e4 39. h5 gxh5 40. Rxh5 Nf3 41.
Rxe4 1-0

[Event "10th Leiden Open A 2016"]
[Site "Leiden NED"]
[Date "2016.07.17"]
[Round "3.14"]
[White "Schroer,M"]
[Black "Harff,M"]
[Result "0-1"]
[BlackTitle "FM"]
[WhiteElo "2033"]
[BlackElo "2324"]
[WhiteFideId "1012908"]
[BlackFideId "24621382"]
[EventDate "2016.07.15"]

1. c4 e5 2. g3 Nf6 3. Bg2 c6 4. d4 exd4 5. Qxd4 Na6 6. Nf3 d5 7. cxd5 Nb4 8. Na3
Qxd5 9. O-O Be6 10. b3 Bc5 11. Qxd5 Bxd5 12. Bb2 O-O 13. Nc4 Rfe8 14. a3 Nc2 15.
Rac1 Rxe2 16. Ncd2 Bxf3 17. Nxf3 Ng4 18. Ne1 Rxf2 19. Rxf2 Bxf2+ 20. Kf1 Nxe1
21. Bh3 Nd3 0-1

[Event "10th Leiden Open A 2016"]
[Site "Leiden NED"]
[Date "2016.07.17"]
[Round "3.15"]
[White "Mensing,Andrew"]
[Black "Kollen,Z"]
[Result "0-1"]
[BlackTitle "FM"]
[WhiteElo "1959"]
[BlackElo "2310"]
[WhiteFideId "1043285"]
[BlackFideId "1024256"]
[EventDate "2016.07.15"]

1. e4 e6 2. d4 d5 3. Nc3 Bb4 4. e5 c5 5. a3 Bxc3+ 6. bxc3 Ne7 7. f4 Qa5 8. Bd2
Qa4 9. Nf3 b6 10. Be3 Ba6 11. Bxa6 Nxa6 12. O-O Rc8 13. g4 cxd4 14. Bxd4 h5 15.
h3 Nc5 16. Ng5 hxg4 17. hxg4 Ne4 18. Nxe4 dxe4 19. f5 Nd5 20. fxe6 fxe6 21. Qd2
Rc7 22. Qg5 Qxc2 23. Rf2 Qd3 24. Qg6+ Kd8 25. Qxe6 Qg3+ 26. Rg2 Qxg2+ 0-1

[Event "10th Leiden Open A 2016"]
[Site "Leiden NED"]
[Date "2016.07.17"]
[Round "3.16"]
[White "Van Osch,Mees"]
[Black "Polak,Alexander"]
[Result "1-0"]
[WhiteTitle "FM"]
[WhiteElo "2275"]
[BlackElo "2106"]
[WhiteFideId "1035967"]
[BlackFideId "1039695"]
[EventDate "2016.07.15"]

1. e4 c5 2. Nf3 d6 3. c3 Nf6 4. Be2 Nbd7 5. Qc2 Qc7 6. O-O e6 7. b3 b6 8. c4 Bb7
9. Nc3 Ne5 10. Nxe5 dxe5 11. d3 Bd6 12. Bb2 Qe7 13. a4 a5 14. Nb5 Nd7 15. Qd2
O-O 16. g3 Ba6 17. Qe3 Rad8 18. Rad1 f6 19. Bg4 Nb8 20. f4 Nc6 21. Qe2 Bb8 22.
f5 exf5 23. exf5 Bxb5 24. axb5 Nd4 25. Bxd4 cxd4 26. Bf3 Bd6 27. Qg2 Rd7 28.
Rde1 Bb4 29. Re4 h6 30. Rf2 Ba3 31. Qf1 Qb4 32. Qd1 Qc3 33. Re1 Ra7 34. Ra2 Bb4
35. Ree2 Rd8 36. Ra4 Kf7 37. Be4 h5 38. Kf1 h4 39. g4 Rdd7 40. Qb1 1-0

[Event "10th Leiden Open A 2016"]
[Site "Leiden NED"]
[Date "2016.07.17"]
[Round "3.18"]
[White "Van Tellingen,F"]
[Black "Sahil,Tic"]
[Result "1-0"]
[WhiteElo "2211"]
[BlackElo "2016"]
[WhiteFideId "1011421"]
[BlackFideId "5019710"]
[EventDate "2016.07.15"]

1. e4 c5 2. Nf3 d6 3. d4 cxd4 4. Nxd4 Nf6 5. Nc3 a6 6. Bg5 e6 7. f4 Be7 8. Qf3
Qc7 9. O-O-O Nbd7 10. f5 e5 11. Nde2 b5 12. Bxf6 Nxf6 13. g4 b4 14. Nd5 Nxd5 15.
exd5 Bd7 16. Ng3 Ba4 17. b3 Bb5 18. Ne4 f6 19. Kb1 O-O 20. Rc1 Bxf1 21. Rhxf1 a5
22. c3 Qb7 23. cxb4 a4 24. Rc4 axb3 25. Qxb3 Qxd5 26. Rd1 Qf7 27. Rc7 Qxb3+ 28.
axb3 Rf7 29. b5 Rb8 30. Kc2 Bf8 31. Rxf7 Kxf7 32. Nc3 g6 33. Ra1 gxf5 34. gxf5
Kg7 35. Ra7+ Kh6 36. h4 Kh5 37. Kd3 Kxh4 38. Rxh7+ Kg5 39. Ke4 d5+ 40. Kxd5 Kxf5
41. Kc6 Rc8+ 42. Rc7 Rxc7+ 43. Kxc7 Bc5 44. b6 e4 45. b7 Bd4 46. Kc8 Be5 47. Nd5
e3 48. Nxe3+ Ke6 49. b4 Bg3 50. b5 Bf4 51. b8=Q Bxb8 52. Kxb8 Kd6 53. b6 Kc6 54.
Ka7 1-0

[Event "10th Leiden Open A 2016"]
[Site "Leiden NED"]
[Date "2016.07.17"]
[Round "3.22"]
[White "Plukkel,S"]
[Black "Vaibhav,Aggarwal"]
[Result "1-0"]
[WhiteTitle "FM"]
[WhiteElo "2304"]
[BlackElo "1799"]
[WhiteFideId "1008676"]
[BlackFideId "25075950"]
[EventDate "2016.07.15"]

1. d4 d5 2. c3 Nf6 3. Bg5 e6 4. e3 Nbd7 5. f4 Be7 6. Nd2 b6 7. Bd3 a5 8. Qe2 Nb8
9. Ngf3 Nfd7 10. O-O Ba6 11. Bxa6 Rxa6 12. Bxe7 Qxe7 13. Ne5 Ra8 14. Qh5 g6 15.
Qh6 Qf8 16. Qh3 f5 17. Ndf3 Nxe5 18. fxe5 Qe7 19. Qh6 Nc6 20. g4 Qf8 21. Qf4 Ne7
22. Nd2 Qg7 23. Rf3 h5 24. gxf5 gxf5+ 25. Rg3 Qh6 26. Qxh6 Rxh6 27. Kf2 Kf7 28.
Nf3 Rg6 29. Rxg6 Nxg6 30. Rg1 Rg8 31. Ng5+ Ke7 32. Nh7 Rh8 33. Rxg6 Rxh7 34. Rg8
h4 35. a4 Kd7 36. h3 Kc6 37. Rg6 Kd7 38. Rg8 Kc6 39. Kf3 Kd7 40. Kf4 Rh5 41.
Rg7+ Kd8 42. b3 Kc8 43. Re7 Rh8 44. Rxe6 Rg8 45. Rh6 Rg1 46. e6 Rf1+ 47. Ke5 Rf3
48. Rh8+ Kb7 49. e7 Rxe3+ 50. Kf6 f4 51. e8=Q Rxe8 52. Rxe8 1-0

[Event "10th Leiden Open A 2016"]
[Site "Leiden NED"]
[Date "2016.07.17"]
[Round "3.25"]
[White "Baak,Evert"]
[Black "Van Halderen,H"]
[Result "0-1"]
[WhiteElo "1924"]
[BlackElo "2079"]
[WhiteFideId "1030167"]
[BlackFideId "1026682"]
[EventDate "2016.07.15"]

1. Nf3 c5 2. c4 Nf6 3. d4 cxd4 4. Nxd4 Nc6 5. Nc3 e6 6. g3 Bb4 7. Bg2 O-O 8. O-O
Qb6 9. Nc2 Bxc3 10. bxc3 Qa5 11. Qd2 d5 12. Ne3 Rd8 13. cxd5 exd5 14. Qc2 Be6
15. Bd2 Qa6 16. Rab1 Rac8 17. Rfe1 b6 18. Qb2 Ne5 19. Rbc1 Rc5 20. h3 Qc8 21.
Kh2 h5 22. Red1 Qc7 23. Kg1 Qc8 24. Kh2 Qa6 25. Be1 Rdc8 26. f4 Nc4 27. Nxc4
Rxc4 28. Bf2 Ra4 29. Rc2 h4 30. g4 Rxf4 31. Bd4 b5 32. e3 Nxg4+ 33. hxg4 Rxg4
34. Bh3 Qd6+ 35. Kh1 Qg3 36. Bxg4 Bxg4 37. Rg2 Qf3 38. Qd2 h3 39. Rg1 Rc6 40.
Kh2 hxg2 41. Qxg2 Rh6+ 0-1

[Event "10th Leiden Open A 2016"]
[Site "Leiden NED"]
[Date "2016.07.18"]
[Round "4.1"]
[White "Sandipan,C"]
[Black "Van Wely,L"]
[Result "1/2-1/2"]
[WhiteTitle "GM"]
[BlackTitle "GM"]
[WhiteElo "2568"]
[BlackElo "2662"]
[WhiteFideId "5004225"]
[BlackFideId "1000268"]
[EventDate "2016.07.15"]

1. d4 Nf6 2. c4 e6 3. Nc3 Bb4 4. Nf3 O-O 5. Bg5 d5 6. e3 c5 7. cxd5 Qxd5 8. Bxf6
gxf6 9. a3 Bxc3+ 10. bxc3 cxd4 11. Qxd4 Qxd4 12. cxd4 Bd7 13. Rb1 Bc6 14. Bb5
Bd5 15. Nd2 Rc8 16. Ke2 a6 17. Bd3 f5 18. f3 Rd8 19. g3 Nc6 20. Rhc1 Rac8 21.
Rc5 Na7 22. Rbc1 Rxc5 23. Rxc5 Kf8 24. a4 Nc6 25. Nc4 Nb4 26. Rc7 Nxd3 27. Kxd3
Bxc4+ 28. Kxc4 b5+ 29. axb5 axb5+ 30. Kb4 Ra8 31. Rc2 Ra1 32. Kxb5 Rf1 33. f4 1/2-1/2

[Event "10th Leiden Open A 2016"]
[Site "Leiden NED"]
[Date "2016.07.18"]
[Round "4.2"]
[White "Postny,E"]
[Black "Ten Hertog,H"]
[Result "1/2-1/2"]
[WhiteTitle "GM"]
[BlackTitle "FM"]
[WhiteElo "2625"]
[BlackElo "2458"]
[WhiteFideId "2804344"]
[BlackFideId "1026356"]
[EventDate "2016.07.15"]

1. d4 Nf6 2. c4 g6 3. Nc3 Bg7 4. e4 d6 5. Nf3 O-O 6. Be2 c6 7. O-O a6 8. a4 a5
9. h3 Na6 10. Re1 Re8 11. Bf4 Nd7 12. Bf1 e5 13. Be3 exd4 14. Bxd4 Ne5 15. Nh2
Nb4 16. Qd2 Be6 17. b3 f5 18. Rad1 f4 19. Na2 Nxa2 20. Qxa2 Qg5 21. Kh1 f3 22.
Qd2 fxg2+ 23. Bxg2 Qh4 24. f4 Bh6 25. Be3 Nf7 26. Nf3 Qh5 27. Ng1 Bg4 28. Rc1
Rad8 29. Qf2 g5 30. f5 Bxh3 31. Nxh3 g4 32. Qg3 Kh8 33. Bxh6 Nxh6 34. Rg1 Nf7
35. Rc3 gxh3 36. Bf3 Qh6 37. Bh5 Rg8 38. Bxf7 Rxg3 39. Rcxg3 Qf8 40. Be6 Re8 41.
c5 dxc5 42. e5 h2 43. R1g2 b5 44. Rg8+ Qxg8 45. Bxg8 Rxg8 46. Rd2 Re8 47. axb5
cxb5 48. Rd5 a4 49. bxa4 bxa4 50. f6 Kg8 51. Rxc5 a3 52. Ra5 a2 53. Rxa2 Rxe5 1/2-1/2

[Event "10th Leiden Open A 2016"]
[Site "Leiden NED"]
[Date "2016.07.18"]
[Round "4.3"]
[White "Kevlishvili,Robby"]
[Black "Pijpers,A"]
[Result "0-1"]
[WhiteTitle "FM"]
[BlackTitle "IM"]
[WhiteElo "2384"]
[BlackElo "2473"]
[WhiteFideId "1040634"]
[BlackFideId "1019554"]
[EventDate "2016.07.15"]

1. e4 e6 2. d4 d5 3. Nd2 c5 4. Ngf3 cxd4 5. Nxd4 Nf6 6. exd5 Nxd5 7. N2f3 Bb4+
8. Bd2 O-O 9. Bc4 e5 10. Nb3 Nc6 11. Bxb4 Ndxb4 12. c3 e4 13. Nfd4 Ne5 14. cxb4
Nxc4 15. Qe2 Nd6 16. O-O b6 17. Rac1 Bb7 18. Rfd1 Qe7 19. b5 Rfe8 20. Nc6 Qf6
21. Nbd4 a6 22. bxa6 Bxa6 23. Qe1 Bd3 24. Qb4 Rxa2 25. Qb3 Rea8 26. Nb4 R2a4 27.
Nxd3 Rxd4 28. Nb4 Nf5 29. Nc2 Rxd1+ 30. Rxd1 h5 31. h3 Re8 32. Qb5 Qe6 33. Kh1
g6 34. Nd4 Nxd4 35. Rxd4 Rc8 36. Qe2 Rc1+ 37. Rd1 Qc4 38. Qd2 Rxd1+ 39. Qxd1 Qd3
40. Qc1 b5 41. Kh2 Qd4 42. Qc2 h4 43. Kh1 b4 44. b3 Kg7 45. Kh2 Qd6+ 46. Kh1 Qd3
47. Qb2+ Qc3 48. Qb1 f5 49. Qa2 Kh6 50. Qb1 Qd2 51. Kg1 Kg5 52. Qa1 e3 53. fxe3
Qxe3+ 54. Kh1 Qxb3 55. Qe1 Qc3 56. Qe7+ Kf4 57. Qxh4+ Ke3 58. Qg3+ Ke2 59. Qxg6
Qa1+ 60. Kh2 Qe5+ 61. Kh1 Kf2 62. Qb6+ Qe3 63. Qxb4 Qc1+ 64. Kh2 Qg1# 0-1

[Event "10th Leiden Open A 2016"]
[Site "Leiden NED"]
[Date "2016.07.18"]
[Round "4.4"]
[White "Pruijssers,R"]
[Black "Slingerland,F"]
[Result "1/2-1/2"]
[WhiteTitle "GM"]
[BlackTitle "IM"]
[WhiteElo "2463"]
[BlackElo "2319"]
[WhiteFideId "1013068"]
[BlackFideId "1002473"]
[EventDate "2016.07.15"]

1. e4 c5 2. Nf3 d6 3. Bb5+ Bd7 4. Bxd7+ Qxd7 5. c4 Nc6 6. d4 cxd4 7. Nxd4 Nf6 8.
Nc3 g6 9. Nde2 Bg7 10. O-O O-O 11. f3 Rfc8 12. Bg5 Rab8 13. b3 Nd8 14. Be3 b6
15. Rc1 Ne6 16. Kh1 a6 17. a4 Nc7 18. Nd4 Ne6 19. Rf2 Nxd4 20. Bxd4 Ne8 21. Bxg7
Kxg7 22. f4 Nf6 23. Qd4 b5 24. axb5 axb5 25. Nd5 Qe6 26. Re2 bxc4 27. bxc4 Kg8
28. Nxf6+ 1/2-1/2

[Event "10th Leiden Open A 2016"]
[Site "Leiden NED"]
[Date "2016.07.18"]
[Round "4.5"]
[White "Ikonnikov,Vy"]
[Black "Wiersma,E"]
[Result "1-0"]
[WhiteTitle "GM"]
[BlackTitle "IM"]
[WhiteElo "2538"]
[BlackElo "2354"]
[WhiteFideId "4100972"]
[BlackFideId "1002864"]
[EventDate "2016.07.15"]

1. d4 Nf6 2. Nf3 g6 3. c4 Bg7 4. Nc3 O-O 5. e4 d6 6. Be2 Bg4 7. Be3 Nfd7 8. Rc1
c5 9. d5 Na6 10. Qd2 Nc7 11. Bh6 Bxh6 12. Qxh6 Bxf3 13. Bxf3 e5 14. h4 Qe7 15.
Be2 a6 16. a4 Ne8 17. Rh3 Ng7 18. Rd1 f5 19. Qg5 Nf6 20. h5 gxh5 21. Bxh5 h6 22.
Qg3 f4 23. Qg6 Nxh5 24. Rxh5 Rf6 25. Qg4 f3 26. gxf3 Rf4 27. Qg2 Kh7 28. Rh3
Raf8 29. Ke2 Rh4 30. Rxh4 Qxh4 31. Rh1 Qf6 32. Nd1 Qf7 33. Qh3 h5 34. Ne3 b5 35.
cxb5 axb5 36. a5 Ra8 37. Rg1 Rxa5 38. Nf5 Nxf5 39. exf5 Ra4 40. f6 Kh6 41. Qe6
Ra7 42. Qxd6 Rd7 43. Qxe5 Qxd5 44. Qe3+ Kh7 45. Qe4+ Kh8 46. Qe8+ 1-0

[Event "10th Leiden Open A 2016"]
[Site "Leiden NED"]
[Date "2016.07.18"]
[Round "4.6"]
[White "Harff,M"]
[Black "Horvath,Cs1"]
[Result "1/2-1/2"]
[WhiteTitle "FM"]
[BlackTitle "GM"]
[WhiteElo "2324"]
[BlackElo "2520"]
[WhiteFideId "24621382"]
[BlackFideId "700118"]
[EventDate "2016.07.15"]

1. c4 e5 2. Nc3 Nc6 3. e3 Nf6 4. a3 g6 5. b4 Bg7 6. Bb2 O-O 7. b5 Na5 8. Nf3 e4
9. Nd4 d6 10. Be2 Re8 11. O-O h5 12. Qa4 b6 13. f3 Bb7 14. fxe4 Nxe4 15. Nxe4
Bxe4 16. Bf3 d5 17. cxd5 Qxd5 18. Rac1 a6 19. Rxc7 1/2-1/2

[Event "10th Leiden Open A 2016"]
[Site "Leiden NED"]
[Date "2016.07.18"]
[Round "4.7"]
[White "Pavlovic,Milos"]
[Black "Kollen,Z"]
[Result "1-0"]
[WhiteTitle "GM"]
[BlackTitle "FM"]
[WhiteElo "2475"]
[BlackElo "2310"]
[WhiteFideId "900389"]
[BlackFideId "1024256"]
[EventDate "2016.07.15"]

1. Nf3 Nf6 2. g3 g6 3. b3 Bg7 4. Bb2 d6 5. Bg2 c5 6. O-O O-O 7. c4 a6 8. d4 cxd4
9. Nxd4 Ra7 10. Nc3 b6 11. e4 e6 12. Qe2 Re8 13. Rfd1 Rd7 14. Rd3 Qc7 15. Rad1
d5 16. cxd5 exd5 17. Rc1 dxe4 18. Nxe4 Qd8 19. Nc6 Nxc6 20. Bxf6 Rxd3 21. Bxd8
Rexd8 22. h3 Ne7 23. Rc7 R3d7 24. Rxd7 Rxd7 25. Nd2 Bd4 26. Nf3 Bf6 27. Ne5 Rc7
28. Nc4 b5 29. Nd6 Be6 30. Ne8 Rc1+ 31. Kh2 Ba1 32. Qd2 Rc8 33. Nc7 Bg7 34. Bb7
Rb8 35. Nxe6 fxe6 36. Qd7 Kf7 37. Bxa6 b4 38. Bc4 Rb6 39. f4 h5 40. g4 hxg4 41.
hxg4 Bc3 42. Kg2 Bg7 43. f5 gxf5 44. gxf5 Be5 45. fxe6+ Kf6 46. Qe8 Rb7 47. Qh8+
Kf5 48. Qh5+ 1-0

[Event "10th Leiden Open A 2016"]
[Site "Leiden NED"]
[Date "2016.07.18"]
[Round "4.8"]
[White "Sukandar,I"]
[Black "Van Beek,Al"]
[Result "1-0"]
[WhiteTitle "IM"]
[BlackTitle "IM"]
[WhiteElo "2419"]
[BlackElo "2284"]
[WhiteFideId "7101937"]
[BlackFideId "1007262"]
[EventDate "2016.07.15"]

1. e4 e5 2. Nf3 Nc6 3. Bc4 Bc5 4. c3 Nf6 5. d3 O-O 6. Bg5 h6 7. Bh4 Be7 8. Nbd2
d6 9. Bb3 Nh5 10. Bg3 Bf6 11. Nxe5 Nxe5 12. Bxe5 dxe5 13. Qxh5 Qxd3 14. O-O-O
Be6 15. Bxe6 fxe6 16. Qg4 Rad8 17. h4 Qa6 18. Nb3 Qxa2 19. Qxe6+ Kh8 20. f3
Rxd1+ 21. Rxd1 Bxh4 22. Kc2 Qa6 23. Qxa6 bxa6 24. Rd7 Rf6 25. Rxc7 Rg6 26. g4
Rf6 27. Nd2 Be1 28. Nc4 Bg3 29. Ne3 g6 30. Rxa7 Rxf3 31. Nd5 Rf2+ 32. Kb3 h5 33.
g5 Bh4 34. Nf6 Rxf6 35. gxf6 Bxf6 36. Rxa6 Kg7 37. Ra7+ Kf8 38. c4 Be7 39. Kc3
h4 40. Kd3 h3 41. Ke2 h2 42. Ra1 Bc5 43. Rh1 Bg1 44. Kf1 1-0

[Event "10th Leiden Open A 2016"]
[Site "Leiden NED"]
[Date "2016.07.18"]
[Round "4.9"]
[White "Beerdsen,Thomas"]
[Black "Van Osch,Mees"]
[Result "1-0"]
[WhiteTitle "FM"]
[BlackTitle "FM"]
[WhiteElo "2414"]
[BlackElo "2275"]
[WhiteFideId "1030108"]
[BlackFideId "1035967"]
[EventDate "2016.07.15"]

1. e4 e5 2. Nf3 Nf6 3. Nc3 Bb4 4. Nxe5 O-O 5. Nf3 Re8 6. Be2 Nxe4 7. Nxe4 Rxe4
8. c3 Bf8 9. d4 Re8 10. O-O d5 11. Ne5 Nc6 12. Bb5 Bd7 13. Bxc6 bxc6 14. Qf3 f6
15. Nd3 Qe7 16. Bf4 Qe2 17. Qxe2 Rxe2 18. Rfe1 Rae8 19. Rxe2 Rxe2 20. Kf1 Rc2
21. Bc1 c5 22. Nxc5 Bxc5 23. dxc5 Bb5+ 24. Kg1 c6 25. h3 a6 26. Rb1 Bd3 27. Be3
Bc4 28. b3 Be2 29. c4 dxc4 30. bxc4 Bxc4 31. a4 Ra2 32. Rb6 Rxa4 33. Rxc6 Kf7
34. Kh2 Bb5 35. Rc7+ Kg6 36. g4 Bd3 37. Kg3 f5 38. Rd7 Kf6 39. Rxd3 fxg4 40.
hxg4 a5 41. Rc3 1-0

[Event "10th Leiden Open A 2016"]
[Site "Leiden NED"]
[Date "2016.07.18"]
[Round "4.10"]
[White "Lentjes,N"]
[Black "Hendriks,W"]
[Result "0-1"]
[BlackTitle "IM"]
[WhiteElo "2250"]
[BlackElo "2407"]
[WhiteFideId "1029827"]
[BlackFideId "1000713"]
[EventDate "2016.07.15"]

1. c4 g6 2. Nf3 Bg7 3. d4 Nf6 4. Nc3 O-O 5. e4 d6 6. Be2 c5 7. O-O Nc6 8. d5 Na5
9. Bd2 e5 10. a3 b6 11. b4 Nb7 12. Qc1 Ne8 13. Ne1 f5 14. exf5 gxf5 15. Bh6 Qf6
16. Bxg7 Qxg7 17. f4 e4 18. Qe3 Nf6 19. Nc2 Bd7 20. Qd2 h5 21. Ne3 Ng4 22. Bxg4
hxg4 23. g3 Rac8 24. b5 Na5 25. Rad1 Nb3 26. Qb2 Nd4 27. Rf2 Kf7 28. Ra1 Rh8 29.
Ra2 Rh3 30. Rg2 Rch8 31. Nf1 Nf3+ 32. Kh1 Qd4 33. Qb3 Rxh2+ 34. Rxh2 Qg1# 0-1

[Event "10th Leiden Open A 2016"]
[Site "Leiden NED"]
[Date "2016.07.18"]
[Round "4.11"]
[White "Rosen,E"]
[Black "Wilschut,P"]
[Result "1-0"]
[WhiteTitle "IM"]
[WhiteElo "2393"]
[BlackElo "2237"]
[WhiteFideId "2032562"]
[BlackFideId "1007165"]
[EventDate "2016.07.15"]

1. c4 Nf6 2. Nc3 c6 3. e4 d5 4. exd5 cxd5 5. cxd5 Nxd5 6. Nf3 e6 7. Bb5+ Bd7 8.
Bc4 Nxc3 9. dxc3 Bc6 10. Qxd8+ Kxd8 11. Ne5 Be8 12. Be3 Bd6 13. O-O-O Ke7 14.
Bf4 Bxe5 15. Bxe5 Nc6 16. Bd6+ Kf6 17. Rhe1 g6 18. f4 Kg7 19. g4 h5 20. f5 hxg4
21. fxe6 fxe6 22. Bxe6 Bf7 23. Bxf7 Kxf7 24. Re4 Rae8 25. Rf1+ Kg7 26. Rxg4 Re6
27. Bg3 Rf8 28. Rxf8 Kxf8 29. Kd2 Kg7 30. b4 a6 31. a4 Ne7 32. Rd4 Nf5 33. Rd7+
Re7 34. Rxe7+ Nxe7 35. Kd3 Kf7 36. Kd4 Ke6 37. Kc5 Kd7 38. Kb6 Kc8 39. c4 g5 40.
b5 axb5 41. cxb5 Nd5+ 42. Kc5 1-0

[Event "10th Leiden Open A 2016"]
[Site "Leiden NED"]
[Date "2016.07.18"]
[Round "4.12"]
[White "Peng Zhaoqin"]
[Black "Van Tellingen,F"]
[Result "1/2-1/2"]
[WhiteTitle "GM"]
[WhiteElo "2385"]
[BlackElo "2211"]
[WhiteFideId "1004786"]
[BlackFideId "1011421"]
[EventDate "2016.07.15"]

1. d4 Nf6 2. c4 g6 3. Nc3 d5 4. e3 Bg7 5. Qb3 dxc4 6. Bxc4 O-O 7. Nf3 Nc6 8. Bb5
e5 9. Bxc6 exd4 10. Nxd4 bxc6 11. O-O c5 12. Nde2 Bf5 13. Rd1 Qb8 14. Qxb8 Raxb8
15. f3 Be6 16. Nf4 Bc4 17. h4 h6 18. Kf2 Rfd8 19. Rxd8+ Rxd8 20. e4 Nd7 21. Be3
Rb8 22. b3 Bxc3 23. Rc1 Bxb3 24. Rxc3 Bxa2 25. Ra3 Rb2+ 26. Kg3 Rb3 27. Rxa2
Rxe3 28. Rxa7 Nf6 29. Rxc7 Nxe4+ 1/2-1/2

[Event "10th Leiden Open A 2016"]
[Site "Leiden NED"]
[Date "2016.07.18"]
[Round "4.13"]
[White "Schmidt Schaeffer,S"]
[Black "Overeem,M"]
[Result "1-0"]
[BlackTitle "FM"]
[WhiteElo "2384"]
[BlackElo "2178"]
[WhiteFideId "4610148"]
[BlackFideId "1004972"]
[EventDate "2016.07.15"]

1. f4 d5 2. e3 Nf6 3. Nf3 g6 4. Be2 Bg7 5. O-O O-O 6. d4 c5 7. c3 b6 8. Ne5 Bb7
9. Nd2 Nbd7 10. b4 Ne4 11. Nxe4 dxe4 12. bxc5 Nxe5 13. dxe5 bxc5 14. Qa4 Qc8 15.
Rd1 f6 16. Rb1 Kh8 17. exf6 Rxf6 18. Ba3 Rb6 19. Qa5 Ba6 20. c4 Rab8 21. Rbc1
Bb2 22. Bxc5 Bxc1 23. Bxb6 axb6 24. Qe5+ Kg8 25. Rxc1 1-0

[Event "10th Leiden Open A 2016"]
[Site "Leiden NED"]
[Date "2016.07.18"]
[Round "4.14"]
[White "Van der Marel,B"]
[Black "Behrens,H"]
[Result "1-0"]
[BlackTitle "FM"]
[WhiteElo "2195"]
[BlackElo "2248"]
[WhiteFideId "1005855"]
[BlackFideId "4602889"]
[EventDate "2016.07.15"]

1. b3 Nf6 2. Bb2 d5 3. Nf3 Bf5 4. g3 h6 5. d3 e6 6. Bg2 Be7 7. O-O O-O 8. Nbd2
a5 9. a4 Bh7 10. Ne5 Na6 11. e4 c6 12. Kh1 Nb4 13. f4 Bc5 14. Ng4 Nxg4 15. Qxg4
d4 16. Qd1 f5 17. Nc4 Qc7 18. Qe2 Rad8 19. Rad1 Rfe8 20. Bf3 Kh8 21. Ne5 Rf8 22.
Bh5 Rf6 23. h4 Rg8 24. c3 dxc3 25. Bxc3 Rd8 26. g4 Bd4 27. Bxd4 Rxd4 28. g5 Rf8
29. Qb2 c5 30. gxh6 fxe4 31. Rc1 Qe7 32. hxg7+ Qxg7 33. Rxc5 Qg3 34. Ng6+ Bxg6
35. Qxd4+ Kg8 36. Rg5 1-0

[Event "10th Leiden Open A 2016"]
[Site "Leiden NED"]
[Date "2016.07.18"]
[Round "4.15"]
[White "Sagar,S"]
[Black "Treiber,B"]
[Result "1-0"]
[WhiteTitle "IM"]
[WhiteElo "2433"]
[BlackElo "2098"]
[WhiteFideId "5022509"]
[BlackFideId "4644654"]
[EventDate "2016.07.15"]

1. d4 Nf6 2. c4 e6 3. Nc3 Bb4 4. e3 O-O 5. Ne2 d5 6. a3 Be7 7. cxd5 exd5 8. Nf4
c6 9. Bd3 Na6 10. O-O Nc7 11. Bd2 Ne6 12. Nce2 Bd6 13. Bb4 a5 14. Bxd6 Qxd6 15.
Qc2 Re8 16. h3 h6 17. Nxe6 Qxe6 18. b4 Qe7 19. b5 Bd7 20. bxc6 Bxc6 21. a4 Ne4
22. Nc3 Nf6 23. Qb3 Red8 24. Rab1 Qd6 25. Rfc1 Nd7 26. Nb5 Bxb5 27. Qxb5 Nf8 28.
Qxb7 Rab8 29. Qa6 Rxb1 30. Rxb1 Qa3 31. Bb5 Qc3 32. Qc6 Qd2 33. Rc1 g6 34. Qc3
Qa2 35. Qxa5 1-0